Análisis de los sistemas agropecuarios del departamento de Norte de Santander / (Registro nro. 795)
[ vista simple ]
| 000 -CABECERA | |
|---|---|
| Campo de control | 01010nam a2200241 a 4500 |
| 005 - FECHA Y HORA DE LA ULTIMA TRANSACCION | |
| Campo de control | 20171103151933.0 |
| 008 - ELEMENTOS DE LONGITUD FIJA—INFORMACION GENERAL | |
| Campo de control | 100222s1997 ck ab gr 00010 spa d |
| 040 ## - FUENTE DE CATALOGACIÓN | |
| Agencia catalogadora original | CO-BoBLA |
| Agencia transcriptora | CO-BoBLA |
| 041 0# - IDIOMA | |
| Código de idioma para texto/pista de sonido o título separado | Español |
| 044 ## - PAÍS DE PUBLICACIÓN | |
| País de publicación | Colombia |
| 082 04 - NUMERO DE CLASIFICACION DECIMAL DEWEY | |
| Número de clasificación | 630.986124 |
| Número del ítem | A35s |
| 100 1# - ASIENTO PRINCIPAL--NOMBRE PERSONAL | |
| Nombre personal | Méndez Aldana, Hernando |
| Término relacionado | autor |
| 9 (RLIN) | 9229 |
| 245 00 - MENCION DE TITULO | |
| Título | Análisis de los sistemas agropecuarios del departamento de Norte de Santander / |
| Mención de responsabilidad | Hernando Méndez Aldana [y otros 9]. |
| 260 3# - PUBLICACION, DISTRIBUCION, ETC. (PIE DE IMPRENTA) | |
| Lugar de publicación, distribución, etc. | Bucaramanga : |
| Nombre del editor, distribuidor, etc. | Corporación Colombiana de Investigación Agropecuaria, Corpoica, |
| Fecha de publicación, distribución, etc. | 1997. |
| 300 ## - DESCRIPCION FISICA | |
| Extensión | 73 páginas ; |
| Dimensiones | 23 x 22 cm. |
| 650 26 - ASIENTO SECUNDARIO DE MATERIA - TERMINO TEMATICO | |
| Término temático o nombre geográfico como elemento de entrada | Agricultura |
| Subdivisión geográfica | Norte de Santander (Colombia) |
| 9 (RLIN) | 86660 |
| 650 26 - ASIENTO SECUNDARIO DE MATERIA - TERMINO TEMATICO | |
| Término temático o nombre geográfico como elemento de entrada | Cuencas hidrográficas |
| Subdivisión geográfica | Norte de Santander (Colombia) |
| 9 (RLIN) | 86661 |
| 650 26 - ASIENTO SECUNDARIO DE MATERIA - TERMINO TEMATICO | |
| Término temático o nombre geográfico como elemento de entrada | Agricultura alternativa |
| Subdivisión geográfica | Norte de Santander (Colombia) |
| 9 (RLIN) | 86662 |
| 650 26 - ASIENTO SECUNDARIO DE MATERIA - TERMINO TEMATICO | |
| Término temático o nombre geográfico como elemento de entrada | Desarrollo rural |
| Subdivisión geográfica | Norte de Santander (Colombia) |
| 9 (RLIN) | 86663 |
| 700 1# - ASIENTO SECUNDARIO - NOMBRE PERSONAL | |
| Nombre personal | Arguello Angulo, Aura Linda |
| Término de relación | autora |
| 9 (RLIN) | 9232 |
| 700 1# - ASIENTO SECUNDARIO - NOMBRE PERSONAL | |
| Nombre personal | Mantilla Blanco, Jairo |
| Término de relación | autor |
| 9 (RLIN) | 9233 |
| 942 ## - ELEMENTOS ADICIONALES (KOHA) | |
| Sistema de clasificación | Dewey Decimal Classification |
| Tipo de ítem | Libro |
| Withdrawn status | Lost status | Sistema de Clasificación | Damaged status | No para préstamo | Colección | Inventariado | Ubicación Permanente | Ubicación actual | Fecha de adquisición | Fuente de Valor | Valor | Total Checkouts | Número topográfico | Inventario / Código de Barras | Date last seen | Ejemplar | Price effective from | Forma de adquisición | Tipo de material |
|---|---|---|---|---|---|---|---|---|---|---|---|---|---|---|---|---|---|---|---|
| Dewey Decimal Classification | General | Inventariado 2017 | Sala Fabio Quevedo | Sala Fabio Quevedo | 09/08/1998 | Instituto | 39000.00 | LB-630.986124 A35s | 001124 | 04/12/2012 | Ej. 1 | 04/12/2012 | Donación | Libro |